| 000 | 00810nam a22002177a 4500 | ||
|---|---|---|---|
| 005 | 20100818124142.0 | ||
| 010 | _aENG-100830 | ||
| 020 | _a9788172085391 (set) | ||
| 020 |
_a9788172087210 (V.1) _c131.00 |
||
| 035 | _aEN-84363 | ||
| 037 | _bDBAD/PUB | ||
| 082 | _a230.35 | ||
| 100 | _aKasturi, N. | ||
| 245 |
_aSathyam sivam sundaram / _cby N. Kasturi |
||
| 260 |
_aPrasanthi Nilayam _bSri Sathya Sai Sadhana Trust _c2009 |
||
| 270 |
_aAnantapur District _bPrasanthi Nilayam _e515134 |
||
| 300 |
_a371p. _c21cm (pbk) _ephotos |
||
| 505 | _aV.1- Life story of Bhagawan Sri Sathya Sai Baba 1926-1961 | ||
| 942 |
_2ddc _cEN _h230.35 _mKAS |
||
| 999 |
_c42398 _d42398 |
||